Faculty of Law Library — Cairo University

Official Online Catalog

Cours De Droit Criminel Et De Science Pénitentiaireb(Droit Pénal Général-procédure Pénale) / (Record no. 66047)

MARC details
000 -LEADER
fixed length control field 01075nam a2200313 i 4500
003 - CONTROL NUMBER IDENTIFIER
control field EG-GICUC
005 - DATE AND TIME OF LATEST TRANSACTION
control field 20260417120414.0
008 - FIXED-LENGTH DATA ELEMENTS--GENERAL INFORMATION
fixed length control field 260311s1935 fr |||fr|||| 00| 0 fre d
040 ## - CATALOGING SOURCE
Original cataloging agency EG-GiCUC
Language of cataloging fre
Transcribing agency EG-GiCUC
Modifying agency EG-GiCUC
Description conventions Rda
041 0# - LANGUAGE CODE
Language code of text/sound track or separate title fre
082 04 - DEWEY DECIMAL CLASSIFICATION NUMBER
Edition number 21
Classification number 343.766
Item number VI . C
092 04 - LOCALLY ASSIGNED DEWEY CALL NUMBER (OCLC)
Edition number 21
099 ## - LOCAL FREE-TEXT CALL NUMBER (OCLC)
Classification number Law1 10 343.766 VI, C 1935
100 1# - MAIN ENTRY--PERSONAL NAME
Personal name Vidal, Georges
Relator term Auteur
245 10 - TITLE STATEMENT
Title Cours De Droit Criminel Et De Science Pénitentiaireb(Droit Pénal Général-procédure Pénale) /
Statement of responsibility, etc. Par Georges Vidal.
250 ## - EDITION STATEMENT
Edition statement Huitième Édition
264 #1 - PRODUCTION, PUBLICATION, DISTRIBUTION, MANUFACTURE, AND COPYRIGHT NOTICE
Place of production, publication, distribution, manufacture Paris :
Name of producer, publisher, distributor, manufacturer Librairie Arthur Rousseau Rousseau,
Date of production, publication, distribution, manufacture, or copyright notice 1935.
300 ## - PHYSICAL DESCRIPTION
Extent 1166 page ;
Dimensions 24 cm.
336 ## - CONTENT TYPE
Source rda contenu
Content type term texte
337 ## - MEDIA TYPE
Source rda medias
Media type term Ordinateur
338 ## - CARRIER TYPE
Source transporteur rda
Carrier type term Ressource en ligne
546 ## - LANGUAGE NOTE
Language note Texte en français
650 1# - SUBJECT ADDED ENTRY--TOPICAL TERM
Topical term or geographic name entry element Prisons Et Établissements Pénitentiaires Et Correctionnels
Source of heading or term qrmak
650 1# - SUBJECT ADDED ENTRY--TOPICAL TERM
Topical term or geographic name entry element Droit de pénal
Source of heading or term qrmak
651 1# - SUBJECT ADDED ENTRY--GEOGRAPHIC NAME
Source of heading or term qrmak
856 40 - ELECTRONIC LOCATION AND ACCESS
Uniform Resource Identifier <a href="https://fll.law.cu.edu.eg/fulltext/bks/B10-08214.pdf">https://fll.law.cu.edu.eg/fulltext/bks/B10-08214.pdf</a>
905 ## - Cataloger and Reviser Names
Cataloger Name: Yasmin Sayed
942 ## - ADDED ENTRY ELEMENTS (KOHA)
Source of classification or shelving scheme Dewey Decimal Classification
Koha item type Books
Edition 21
Suppress in OPAC No
Holdings
Withdrawn status Lost status Source of classification or shelving scheme Damaged status Not for loan Collection Home library Current library Date acquired Total checkouts Full call number Barcode Date last seen Copy number Price effective from Koha item type
    Dewey Decimal Classification   Not for loan القانون الجنائي جــــامعة القــاهرة مكتبة كلية الحقوق - المبنى الرئيسي 11.03.2026   Law1 10 343.766 VI, C 8 ed - 1935 1008214 C1 B10-08214 11.03.2026 1 11.03.2026 Books
    Dewey Decimal Classification     القانون الجنائي جــــامعة القــاهرة مكتبة كلية الحقوق - المبنى الرئيسي 17.04.2026   Law1 10 343.766 VI, C 1935 1009574 C2 B10-09574 17.04.2026 2 17.04.2026 Books

© All rights reserved — Faculty of Law, Cairo University